000 00315nam a2200133Ia 4500
008 190216s9999||||xx |||||||||||||| ||und||
100 _aHarish Srivastava
245 0 _aWord Perfect
250 _a1st Ed.
260 _b"Sterling Information Technologies,"
_c1993
300 _a40
650 _aComputer
942 _cBK
999 _c8413
_d8413